00458nam a2200133Ia 4500008004100000100001500041245008400056245003400140260005300174260000900227300001200236650001500248856006100263170221s9999 xx 000 0 und d aShahid Ali 3aAn Integrated Conceptual Framework for Proactive Improvement of Safety Culture  cShahid Ali, Azmi Mohd Shariff bInternational Review of Management and Marketing c2016 a15 : 16 xMarketing. uhttp://www.econjournals.com/index.php/irmm/issue/view/77